00870nam a2200205 a 4500001001000000003000500010005001700015008004100032010001100073011001100084040000900095100003600104245017200140260004100312500006000353502011200413650003000525650003900555856007000594000113136CHAP20220329144340.0170428s2016 mx a fsm |||||||spa d a109597 a110569 cCHAP1 aMedina Cortéz, José Eleazar10aControl químico de las principales malezas del altiplano para el cultivo de zarzamora (Rubus spp.) var. Cheyenne /h[En línea]cpor José Eleazar Medina Cortéz. aChapingo, Méx. :bEl autor,c2016. aPara ver el contenido del material haga clic en la liga aTesis (Ing. Agr. Esp. en Parasitología Agrícola) -- UACH. Departamento de Parasitotología A grícola14aHerbicidasxAplicación.14aZarzamoraxMalas hierbasxControl. aFinding aiduhttp://10.13.5.2/tesis/sist113136.pdfzTeclea aquí